000 00771nam a2200205 a 4500
008 110916s2002 sp a f |||| 001 0 spa d
020 _a8479037059
041 _aspa
092 _c621.7
_l31
_sGUI
100 1 _aGuillén del Castillo, Manuel
_91619
245 _aBases biológicas y fisiológicas del movimiento humano /
_cManuel Guillén del Castillo
250 _a1a ed.
260 _aMadrid:
_bEditorial Médica Panamericana;
_c2002.
300 _a488 p.
500 _aGuillén del Castillo, M. y Linares Girela, D. (2002). Bases biológicas y fisiológicas del movimiento humano. (1a ed.). Madrid : Editorial Médica Panamericana.
653 _aBases biológicas
653 _aFisiología del movimiento
700 1 _aLinares Girela, D.
_93876
942 _2ddc
_cBK
999 _c1004
_d1004